000 00310nam a2200133Ia 4500
008 240624s9999 xx 000 0 und d
041 _aeng
082 _a823 ROT
100 _aROTH VERONICA
245 _aDIVERGENT
260 _c2013
_aNew Delhi
_bHarperCollins
300 _a487 : p. : cm. ; 19
365 _cRS
999 _c24050
_d24050